NBA DPOY Awards By Year - Statistics

General Stats
  • This quiz has been taken 61 times
  • The average score is 29 of 43
Answer Stats
Hint Answer % Correct
2024 Rudy Gobert
89%
2021 Rudy Gobert
89%
2019 Rudy Gobert
89%
2018 Rudy Gobert
89%
2025 Evan Mobley
86%
2017 Draymond Green
82%
2022 Marcus Smart
82%
1988 Michael Jordan
82%
1994 Hakeem Olajuwon
80%
1993 Hakeem Olajuwon
80%
2006 Ben Wallace
77%
2005 Ben Wallace
77%
2003 Ben Wallace
77%
2002 Ben Wallace
77%
2020 Giannis Antetokounmpo
77%
2023 Jaren Jackson Jr.
77%
2001 Dikembe Mutombo
75%
1998 Dikembe Mutombo
75%
1997 Dikembe Mutombo
75%
1995 Dikembe Mutombo
75%
2016 Kawhi Leonard
73%
2015 Kawhi Leonard
73%
2011 Dwight Howard
68%
2010 Dwight Howard
68%
2009 Dwight Howard
68%
2008 Kevin Garnett
68%
2013 Marc Gasol
66%
1992 David Robinson
61%
1996 Gary Payton
61%
1991 Dennis Rodman
59%
1990 Dennis Rodman
59%
2004 Metta World Peace
55%
2014 Joakim Noah
52%
2007 Marcus Camby
52%
1989 Mark Eaton
52%
1985 Mark Eaton
52%
2012 Tyson Chandler
50%
2000 Alonzo Mourning
48%
1999 Alonzo Mourning
48%
1986 Alvin Robertson
45%
1984 Sidney Moncrief
45%
1983 Sidney Moncrief
45%
1987 Michael Cooper
39%
No matching quizzes found
Score Distribution
Percent of People with Each Score
Percentile by Number Answered
Your Score History
You have not taken this quiz